| 000 | 00862nam a2200217Ia 4500 | ||
|---|---|---|---|
| 999 |
_c53202 _d53202 |
||
| 001 | 20243 | ||
| 003 | GE_BSU | ||
| 005 | 20211201161240.0 | ||
| 008 | 181216s1993||||ge |||||||||||||| ||geo|| | ||
| 040 | _cGE_BSU | ||
| 041 | _ageo | ||
| 080 | _a811.353.1-8(075.8) კ-44 | ||
| 100 |
_aკვაჭაძე, ლეო _98939 |
||
| 245 |
_aქართული ენა : _bსახელმძღვანელო / _cლეო კვაჭაძე ; რედ. გ. კვარაცხელია. |
||
| 250 | _aმე-4 შესწორებული გამოცემა | ||
| 264 |
_aთბილისი : _bრუბიკონი, _c1993. |
||
| 300 |
_a311 გვ. ; _c20 სმ. |
||
| 653 | _aქართული ენა | ||
| 700 |
_aკვარაცხელია, გ. _eრედაქტორი _98940 |
||
| 942 |
_cBK _2udc |
||